| 000 | 00509nam a2200193Ia 4500 | ||
|---|---|---|---|
| 005 | 20140403134931.0 | ||
| 008 | 140130s9999 xx 000 0 und d | ||
| 020 | _a0439895049 | ||
| 050 |
_aPZ 7 _b.G3626Be 2006 |
||
| 100 |
_aGiff, Patricia Reilly _94643 |
||
| 245 |
_cGiff, Patricia Reilly _aBeast in Ms.Rooney's room / |
||
| 260 |
_bScholastic, _c2006. _aNew York : |
||
| 300 |
_a76 p. : _bill. ; _c21 cm. |
||
| 440 |
_v1 _931154 |
||
| 521 | _aG2 | ||
| 526 | _c340 | ||
| 942 |
_cBK _2lcc |
||
| 999 |
_c40164 _d40164 |
||